| 000 | 00720 a2200217 4500 | ||
|---|---|---|---|
| 020 | _a1580530354 | ||
| 040 |
_aDLC _bDLC |
||
| 082 | _a005.8 | ||
| 245 | 0 | 0 |
_aInformation hiding techniques for steganography and digital watermarking _cStefan Katzenbeisser, Fabien A.P. Petitcolas, editors |
| 260 |
_aBoston : _bArtech House, _ccop. 2000 |
||
| 300 |
_axviii, 220 s. : _bill. |
||
| 490 | 0 | _aArtech House computing library | |
| 650 | 0 | _aComputer security | |
| 650 | 0 | _aData protection | |
| 650 | 0 | _aDigital watermarking | |
| 650 | 0 | _aData encryption (Computer science) | |
| 650 | 0 | _aComputer security | |
| 700 | 1 |
_aKatzenbeisser, Stefan _4edt |
|
| 700 | 1 |
_aPetitcolas, Fabien A. P. _4edt |
|
| 942 |
_cBK _k005.8 KAT _2ddc |
||
| 999 |
_c6629 _d6629 |
||